000
00258nam a22001217a 4500
082
_a
001
_b
JOS/F
100
_a
JOSE,JOICE P
245
_a
FREEDOM FIGHTERS
260
_a
CHERTHALA
_b
SHARON BOOKS
300
_a
66
650
_a
BIOGRAPHY
_z
CHERTHALA
942
_c
BK
999
_c
6330
_d
6330